| 000 | 00554nam a2200205Ia 4500 | ||
|---|---|---|---|
| 008 | 131103s9999 xx 000 0 und d | ||
| 020 |
_a0 7513 6019 8 _cP.B.G.9.99 |
||
| 040 | _aLoreto College | ||
| 041 | _aEnglish | ||
| 082 |
_a930/BAQ _bLCLIB/41085 |
||
| 100 | _aBaqueedano, Elizabeth | ||
| 245 |
_aAztea _cElizabeth Baquedano |
||
| 260 |
_aLondon _bDorling Kindersley _c1993 |
||
| 300 |
_a64p. _b ill. _c 28cm. |
||
| 440 | _aEyewitness guides | ||
| 504 | _aIncludes index | ||
| 650 | _aAztec - history | ||
| 850 | _aLCLIB/932/BAQ | ||
| 942 | _cBK | ||
| 999 |
_c23746 _d74225 |
||